[Event "Bottom-Half Class U1900"]
[Site "Ann Arbor, MI"]
[Date "2000.07.04"]
[Round "6"]
[White "Thomas, Henry"]
[Black "Welch, Joseph"]
[Result "1-0"]
[WhiteElo "1807"]
[BlackElo "1704"]
[Annotator "Bob Ciaffone"]
[PlyCount "63"]
[EventDate "2000.07.02"]

1. e4 c5 2. d4 cxd4 3. c3 dxc3 4. Nxc3 {This is the starting position of the
Smith-Morrra Gambit Accepted, an opening I feel qualified to annotate. After I
co-authored my book on this opening with Ben Finegold, I won the master
section of the USCF's Smith-Morra postal tournament, winning all my games with
black.} e6 5. Bc4 a6 6. Nf3 Nc6 {This move gets us into the main line. In my
opinion, preferable was 6...d6, which would have instituted the Finegold
Defense, where black eschews Nc6 so he can expand with b5 and tuck the queen
away safely at b6.} 7. O-O d6 8. Qe2 Be7 9. Rd1 Qc7 {This is wha t happens in
the main line. Black is forced to park the queen at c7, where she becomes a
target very quickly because of the open c-file.} 10. Bf4 h6 $2 {Black should
have moved his development forward by 10...Nf6 with a hard fight ahead. Pawn
moves like this one when defending a gambit are a luxury that a defender
cannot afford.} 11. Rac1 g5 $6 {Black, now four tempi behind his opponent in
development, tries to launch an attack. That certainly is on the optimistic
side, to say the least.} 12. Bg3 Rh7 {This ugly move is needed to get out of a
fork after white opens the position by e5, and is a sign that the previous
strategy was amiss.} 13. e5 dxe5 14. Nxe5 Nxe5 15. Bxe5 Qa5 16. Qe4 {Provoking
another weakness.} f5 17. Qe2 h5 18. Nd5 $1 {White sacs a piece to open the
highway to the enemy king.} exd5 19. Bxd5 Kf8 20. Rc7 {"Operation Rolling
Thunder" goes into high gear.} Qxc7 {Black parts with the girl to stop the
attack, but is unsuccessful.} 21. Bxc7 Nf6 22. Qe5 Ng4 23. Qc3 Bf6 24. Bd6+ Kg7
25. Qc7+ Kg6 26. Qb6 {The game is too onesided to get any more annotations.} a5
27. Bc4 Bd7 28. h3 Nh6 29. Be5 Rf8 30. Qd6 Rff7 31. Bxf7+ Rxf7 32. Bxf6 {Black
should invest $12 and buy my book; he needs to know how to defend against the
Smith-Morra.} 1-0

[Event "Bottom-Half Class U2100"]
[Site "Ann Arbor, MI"]
[Date "2000.07.04"]
[Round "6"]
[White "Santiago, Reynaldo"]
[Black "Rogers, Bradley"]
[Result "1-0"]
[WhiteElo "2000"]
[BlackElo "2000"]
[Annotator "Bob Ciaffone"]
[PlyCount "85"]
[EventDate "2000.07.02"]

1. e4 e6 2. d4 d5 3. e5 c5 4. c3 Nc6 5. Nf3 {This is the usual jumping-off
point for the Advance Variation of the French Defense.} Nge7 {More usual are 5.
..Qb6 (the main line) or 5...Bd7 (the move I like).} 6. a3 cxd4 7. cxd4 Qb6 8.
b4 Bd7 9. Nc3 Nf5 10. Na4 {I don't care for the looks of this move, because
white is behind in development.} Qc7 11. Nc5 Bxc5 12. bxc5 h5 {Certainly no
refutation of white's idea.} 13. Be2 f6 14. Bb2 O-O-O 15. O-O fxe5 16. Nxe5
Nxe5 17. dxe5 g6 18. Re1 Bc6 19. Bd4 {A clumsy looking move.} Qe7 20. Qd2 g5
21. a4 Rdg8 22. a5 a6 23. Rab1 g4 24. Rb6 Qc7 25. Reb1 Rh7 {With castling on
opposite wings a sharp game develops.} 26. Qb4 Rhg7 27. Rb3 h4 28. Qd2 Rg5 {
Why isn't he playing g3 to open lines?} 29. Be3 Nxe3 30. fxe3 R8g7 31. Qb2 Rf7
$2 (31... Qxe5 32. Qxe5 Rxe5 33. Bxa6 Rc7 34. Be2 g3 35. hxg3 hxg3 36. a6 bxa6
37. Bxa6+ Kd7 $11) 32. Bxa6 $1 Rgf5 (32... bxa6 33. Rb8+ Kd7 34. R3b7 Bxb7 35.
Rxb7 Kd8 36. Rxc7 Rxc7 37. Qb6 Rg6 38. Qxa6 Rxc5 39. Qb6+ Rc7 40. a6 $18) 33.
Bd3 Rxe5 $4 34. Rxc6 {This nice move wins the queen and ends the game.} bxc6 (
34... Qxc6 35. Qxe5) 35. Ba6+ Kd8 36. Rb8+ Kd7 37. Rb7 Ref5 38. Rxc7+ Kxc7 39.
Qb7+ Kd8 40. Qxc6 Ke7 41. Qd6+ Kf6 42. c6 Kg7 43. c7 1-0

[Event "Bottom-Half Class U1700"]
[Site "Ann Arbor, MI"]
[Date "2000.07.04"]
[Round "6"]
[White "McCarter, Robert"]
[Black "Jointer, William"]
[Result "1-0"]
[WhiteElo "1649"]
[BlackElo "1600"]
[Annotator "Bob Ciaffone"]
[PlyCount "63"]
[EventDate "2000.07.02"]

1. d4 Nf6 2. c4 g6 3. Nc3 Bg7 4. Nf3 O-O 5. Bg5 {Unusual; 5.e4 is the main
line of the Classical Kings Indian.} h6 6. Bxf6 {I would not trade a bishop
for a knight like this, but the move is not as bad as it looks, since it does
gain a tempo for development.} Bxf6 7. Qd2 Bg7 8. e4 d6 9. Be2 c6 10. O-O Nd7
11. Rab1 a6 12. a4 Qc7 13. b4 b6 {White has five pawns on the fourth rank,
black six pawns on the third rank. Evidently, white takes the orthodox view
that extra space is an advantage at chess. Black is an iconoclast, but does a
miserable job of supporting his contrarian view on the matter.} 14. b5 Bb7 15.
Rfd1 Kh7 16. Bd3 c5 17. d5 Nf6 18. Re1 Qd7 19. e5 {White has secured the left
flank and now starts his attack in the center. Bonaparte would be proud.} Ne8
20. e6 {A decisive opening of lines.} Qc7 21. exf7 Rxf7 22. Nh4 Rf6 23. Ne4 {
Black is busted.} axb5 24. Nxf6+ Bxf6 25. Nxg6 Kg7 26. axb5 Qd7 27. Qf4 Nc7 28.
Re3 Bg5 29. Qg3 e5 30. h4 Bc8 31. hxg5 h5 32. Nh4 1-0

[Event "Bottom-Half Class U2100"]
[Site "Ann Arbor, MI"]
[Date "2000.07.04"]
[Round "5"]
[White "Carl, Kevin"]
[Black "Dowling, John"]
[Result "0-1"]
[WhiteElo "1993"]
[BlackElo "2085"]
[Annotator "Bob Ciaffone"]
[PlyCount "130"]
[EventDate "2000.07.02"]

1. e4 d5 2. exd5 Qxd5 {Black cannot equalize with this opening if white plays
correctly.} 3. Nc3 Qa5 4. d4 Nf6 5. Bc4 Bf5 6. Nf3 e6 7. O-O {Solid, but
unambitious. Black has faile to play c6, so white should try to exploit the
insecure position of the black queen by 7.Bd2.} Nbd7 8. Re1 c6 9. h3 Be7 10.
Bg5 h6 11. Bh4 g5 {This is what can happen when white is too quick to castle.}
12. Bg3 g4 13. hxg4 Bxg4 14. Qd3 Qf5 15. Ne5 Nxe5 16. dxe5 Qxd3 17. Bxd3 Nd7
18. f3 Bh5 19. Bf2 Rg8 20. Kf1 {An endgame has arisen. Chances look balanced
to me.} Nc5 21. Ne4 Nxd3 22. cxd3 Bg6 23. Red1 h5 {Now black is in the drivers
seat, having the bishop-pair and pawn targets for it.} 24. g3 a6 25. Rac1 O-O-O
26. Ke2 Rd5 27. d4 Kb8 28. Nc5 Rgd8 29. a3 Bf5 30. b4 f6 31. Ne4 fxe5 32. Nc3
exd4 {An interest ing exchange sacrifice. The move 32...Rxe5+ was perfectly
playable, but black wants more.} 33. Nxd5 d3+ 34. Kd2 Rxd5 35. Rh1 Bg6 36. Be3
Kc7 {Black has two pawns for the exchange. He also has the bishop pair plus a
passed pawn anchored by his unopposed bishop, so giving up the exchange was
correct, giving good winning chances.} 37. Rc4 b6 $6 {This lemon weakens c6
and lets white back into the game. I think that 37...a5 was called for, to
give the black-squared bishop on e7 a target.} 38. Rhc1 Be8 39. R1c3 a5 40.
Rxd3 axb4 41. axb4 Rb5 42. Rb3 {This ties the rook down on defense, but I do
not have a better suggestion.} e5 43. Rb2 Bf7 44. Re4 Bg6 45. Rc4 Bf7 46. Re4
Bf6 {The e4 rook is in trouble, and white must either dump a pawn or the
exchange.} 47. Bh6 Bd5 48. Kd3 Bxe4+ 49. fxe4 (49. Kxe4 Be7 50. Bd2 c5 51. Kxe5
Bd6+ 52. Ke4 Bxg3 53. Bc3 cxb4 54. Rxb4 Rxb4+ 55. Bxb4 h4 56. f4 h3 57. Kf3 h2
58. Kg2 Bxf4 $19) 49... c5 50. Bf8 Rxb4 51. Rxb4 cxb4 52. Bxb4 Kc6 {Black is
up a pawn in a bishop ending, and converted it to a win.} 53. Kc4 b5+ 54. Kb3
Bd8 55. Bc3 Bc7 56. Kb4 Bd6+ 57. Ka5 Bb8 58. Kb4 Bc7 59. Bb2 Kb6 60. Bc1 Bd6+
61. Kb3 Bc5 62. Bg5 Bf2 63. Bh4 Kc5 64. Ka3 Kc4 65. Kb2 b4 0-1

[Event "Michigan Amateur"]
[Site "Kalamazoo, MI"]
[Date "2000.07.29"]
[Round "3.9"]
[White "Williams, Ron"]
[Black "Hamood, Al"]
[Result "1-0"]
[WhiteElo "1982"]
[BlackElo "1851"]
[PlyCount "65"]
[EventDate "2000.07.29"]

1. c4 Nf6 2. Nc3 g6 3. g3 Bg7 4. Bg2 O-O 5. Nf3 c5 6. O-O Nc6 7. d3 a6 8. Bg5
h6 9. Be3 d6 10. h3 Rb8 11. Qd2 Kh7 12. Kh2 Bd7 13. a4 Qc7 14. Rfc1 Na5 15. Qc2
b5 16. axb5 axb5 17. cxb5 Bxb5 18. Ra3 c4 19. Nxb5 Rxb5 20. dxc4 Rb4 21. b3 Nc6
22. Ra6 Kg8 23. Nd2 Ne5 24. Ra7 Qd8 25. Kg1 Nh7 26. Rca1 f5 27. Ra8 Rb8 28.
Rxb8 Qxb8 29. Ra7 e6 30. Nf3 g5 31. Nxe5 Bxe5 32. Rb7 Qd8 33. c5 1-0

[Event "Michigan Amateur"]
[Site "Kalamazoo, MI"]
[Date "2000.07.29"]
[Round "2.9"]
[White "Williams, Ken"]
[Black "Peisert, Christopher"]
[Result "1-0"]
[WhiteElo "1823"]
[BlackElo "1557"]
[PlyCount "81"]
[EventDate "2000.07.29"]

1. d4 c5 2. d5 e5 3. e4 d6 4. Nf3 Nf6 5. Nc3 Be7 6. Nd2 a6 7. a4 Nbd7 8. Be2
Nf8 9. O-O Ng6 10. Re1 O-O 11. Nc4 h6 12. a5 Nh7 13. Na4 f5 14. Nab6 Rb8 15.
Nxc8 Rxc8 16. Bh5 Nh8 17. exf5 Bg5 18. Bxg5 Nxg5 19. Qd2 Qf6 20. Bg4 Rcd8 21.
Ra3 h5 22. Bxh5 Qxf5 23. Rae3 Nhf7 24. Bxf7+ Nxf7 25. Rf3 Qd7 26. b3 Nh6 27.
Rxf8+ Rxf8 28. Ne3 Nf5 29. Nxf5 Qxf5 30. f3 Rf6 31. Re4 Qh5 32. Rg4 Qe8 33. Qg5
Rf7 34. Qg6 Qb5 35. Qxd6 Qe2 36. h3 Qxc2 37. Qb8+ Kh7 38. Rh4+ Kg6 39. Qxe5 Qf5
40. Qg3+ Kf6 41. Rf4 1-0

[Event "Michigan Amateur"]
[Site "Kalamazoo, MI"]
[Date "2000.07.29"]
[Round "2.11"]
[White "West, Tony"]
[Black "Griffin, John"]
[Result "1-0"]
[WhiteElo "1815"]
[BlackElo "1500"]
[PlyCount "143"]
[EventDate "2000.07.29"]

1. e4 c5 2. Nf3 Nc6 3. d4 cxd4 4. Nxd4 e5 5. Nb5 d6 6. N1c3 a6 7. Na3 b5 8. Nd5
Nge7 9. Bg5 h6 10. Qh5 Qa5+ 11. Bd2 Qd8 12. c3 Nxd5 13. exd5 Ne7 14. c4 bxc4
15. Bxc4 Bb7 16. Qf3 Rc8 17. Bb3 f6 18. O-O Qd7 19. Qh5+ g6 20. Qf3 Qf5 21.
Qxf5 gxf5 22. Nc4 Nxd5 23. Na5 Ba8 24. Rac1 Rc5 25. Ba4+ Kf7 26. b4 Rxc1 27.
Rxc1 Nb6 28. Bd1 Kg6 29. h4 Rg8 30. h5+ Kh7 31. g3 d5 32. Be2 d4 33. Bxa6 Bf3
34. Nc4 Nxc4 35. Bxc4 Rg7 36. Be6 Be4 37. b5 f4 38. Kh2 fxg3+ 39. fxg3 f5 40.
b6 Bd6 41. a4 Re7 42. Bc8 Kg7 43. a5 Bb7 44. a6 Bxa6 45. Bxa6 e4 46. b7 e3 47.
Bb4 Rxb7 48. Bxb7 Bxb4 49. Ba6 Bc3 50. Kg2 Kf6 51. Kf3 Kg5 52. Rh1 Bb4 53. Bd3
Bd6 54. Bb5 Bb4 55. Rh2 Bd2 56. Bd3 Kf6 57. Rh4 Kg5 58. Rxd4 Kxh5 59. Bxf5 Kg5
60. Bd7 Kf6 61. Bb5 Kg5 62. Rd5+ Kf6 63. Kg4 Bc1 64. Be2 Bd2 65. Kh5 Kg7 66.
Rd7+ Kf6 67. Kxh6 Kf5 68. Rd4 Bc3 69. Rc4 Be1 70. g4+ Ke5 71. g5 Kd5 72. g6 1-0

[Event "Michigan Amateur"]
[Site "Kalamazoo, MI"]
[Date "2000.07.29"]
[Round "2.25"]
[White "Varner, Bill"]
[Black "Maldonado, Florentino"]
[Result "0-1"]
[WhiteElo "870"]
[BlackElo "1245"]
[PlyCount "64"]
[EventDate "2000.07.29"]

1. d4 d5 2. Nc3 e6 3. e3 c5 4. Nf3 c4 5. Qe2 Nf6 6. e4 Bb4 7. Bd2 Bxc3 8. Bxc3
Nxe4 9. Bb4 Qb6 10. c3 Nc6 11. Ba3 Qa5 12. Qc2 b5 13. Nd2 Nxc3 14. Qxc3 b4 15.
Bxb4 Qxb4 16. Qxb4 Nxb4 17. Kd1 Rb8 18. b3 c3 19. Nb1 c2+ 20. Kc1 cxb1=Q+ 21.
Kxb1 Rb7 22. Kb2 Rc7 23. a3 Nc6 24. Rc1 Bd7 25. Bb5 Ke7 26. Bxc6 Rxc6 27. Rc5
Rhc8 28. b4 e5 29. Re1 f6 30. f3 Kd6 31. b5 Rxc5 32. dxc5+ Rxc5 0-1

[Event "Michigan Amateur"]
[Site "Kalamazoo, MI"]
[Date "2000.07.29"]
[Round "1.11"]
[White "Vandivier, Don"]
[Black "Shelton, Harold"]
[Result "1-0"]
[WhiteElo "1816"]
[BlackElo "1139"]
[Annotator "Jeff Aldrich"]
[PlyCount "75"]
[EventDate "2000.07.29"]

{French: Rubinstein} 1. e4 e6 2. d4 d5 3. Nc3 dxe4 4. Nxe4 Nc6 {This move
prett y much defeats the whole purpose of playing the French defense.
Typically, black undermines White's center with c7-c5.} 5. Nf3 Be7 6. c3 Nf6 7.
Bd3 Nxe4 8. Bxe4 Bd7 9. Be3 Na5 10. b4 Bc6 11. Bd3 Bxf3 12. Qxf3 Nc6 13. a4 a6
14. b5 axb5 15. Bxb5 Qd7 16. O-O O-O 17. c4 {White now has complete control
over the center. Let the domination begin.} Qd6 18. Rfd1 Nd8 19. Bf4 Qb6 20. c5
Qa5 21. Qg3 c6 22. Bd3 Qb4 23. Rdb1 Qa5 24. Bc7 Qa7 25. a5 Rc8 26. Be5 g6 27.
a6 bxa6 28. Rxa6 Qd7 29. Rba1 Qd5 30. Ra7 Re8 31. Qf4 g5 {DIAGRAM} 32. Rxe7 $1
Rxe7 33. Qf6 (33. Qxg5+ {forces mate, but who's counting.}) 33... Qxe5 34. dxe5
Rd7 35. Qxg5+ Kf8 36. Bxh7 Rcc7 37. h4 Nb7 38. Ra8+ 1-0

[Event "Michigan Amateur"]
[Site "Kalamazoo, MI"]
[Date "2000.07.29"]
[Round "3.7"]
[White "Vandivier, Don"]
[Black "Brown, Dan"]
[Result "1/2-1/2"]
[WhiteElo "1816"]
[BlackElo "1715"]
[PlyCount "129"]
[EventDate "2000.07.29"]

1. e4 c5 2. Nf3 d6 3. d4 cxd4 4. Nxd4 Nf6 5. Nc3 g6 6. Be2 Bg7 7. O-O a6 8. Be3
Bd7 9. f4 Nc6 10. Nxc6 Bxc6 11. Bf3 O-O 12. g4 Qa5 13. g5 Nd7 14. Nd5 Bxd5 15.
Qxd5 Qxd5 16. exd5 f5 17. c3 Rac8 18. Rfe1 Kf7 19. Rad1 Rc4 20. h4 h5 21. Be2
Rc7 22. Bd4 Bxd4+ 23. Rxd4 Rfc8 24. c4 Nc5 25. Bf3 a5 26. b3 Rb8 27. Bd1 Ne4
28. Bc2 Nc5 29. a3 b6 30. b4 axb4 31. axb4 Na6 32. Rb1 Rbc8 33. Bd3 Nb8 34. Bf1
Ra7 35. Rd2 Nd7 36. Re1 Rcc7 37. Rde2 Nb8 38. Re6 Ra3 39. R6e3 Rca7 40. Kf2
Rxe3 41. Rxe3 Ra2+ 42. Re2 Ra4 43. Rb2 Na6 44. c5 bxc5 45. Bxa6 Rxa6 46. b5 Rb6
47. Ke3 e6 48. dxe6+ Kxe6 49. Kd3 d5 50. Kc3 Kd6 51. Ra2 Rxb5 52. Ra6+ Ke7 53.
Rxg6 Rb4 54. Rg7+ Kf8 55. Rc7 Rxf4 56. Rxc5 d4+ 57. Kd3 Kf7 58. Rd5 Rxh4 59.
Rxf5+ Kg6 60. Rd5 Rg4 61. Rxd4 Kxg5 62. Rd5+ Kh4 63. Ke3 Ra4 64. Kf3 Ra3+ 65.
Kg2 1/2-1/2

[Event "Michigan Amateur"]
[Site "Kalamazoo, MI"]
[Date "2000.07.29"]
[Round "3.8"]
[White "Tyrell, Wayne"]
[Black "West, Tony"]
[Result "1-0"]
[WhiteElo "1452"]
[BlackElo "1815"]
[PlyCount "118"]
[EventDate "2000.07.29"]

1. Nf3 Nf6 2. d4 c5 3. d5 g6 4. c4 b5 5. cxb5 a6 6. Nc3 axb5 7. e4 d6 8. e5
dxe5 9. Bxb5+ Bd7 10. Nxe5 Bxb5 11. Nxb5 Nxd5 12. O-O e6 13. Qf3 f6 14. Ng4 Nc6
15. Nxf6+ Nxf6 16. Qxc6+ Kf7 17. Bg5 Be7 18. Nc7 Qc8 19. Qxa8 Qxa8 20. Nxa8
Rxa8 21. b3 Bd8 22. a4 h6 23. Bxf6 Kxf6 24. Rfd1 Ke7 25. f3 e5 26. Ra2 Ke6 27.
Rad2 Be7 28. Rd7 Rb8 29. R7d3 Rb4 30. Rc3 Bd6 31. Rdd3 Bc7 32. Rc4 Rb8 33. h3
Ba5 34. Kf1 Bb4 35. Re4 Ba3 36. f4 Bb2 37. fxe5 Kf5 38. Rc4 Bd4 39. a5 Kxe5 40.
a6 Ke4 41. Ke2 Kd5 42. Kd2 Rf8 43. Rf3 Rb8 44. Kc2 Re8 45. Kd2 Ra8 46. Ra4 h5
47. Rf7 Kc6 48. Re7 g5 49. Re6+ Kb5 50. Rg6 Be5 51. Kc2 Bf4 52. g3 Bxg3 53.
Rxg5 h4 54. a7 Kb6 55. Kc3 Kb5 56. Rg6 Be1+ 57. Kc2 Ba5 58. Rg7 Be1 59. Rb7+
Kc6 1-0

[Event "Michigan Amateur"]
[Site "Kalamazoo, MI"]
[Date "2000.07.29"]
[Round "2.12"]
[White "Tyrell, Wayne"]
[Black "Skidmore, Mike"]
[Result "1-0"]
[WhiteElo "1452"]
[BlackElo "1800"]
[Annotator "Jeff Aldrich"]
[PlyCount "87"]
[EventDate "2000.07.29"]

{English: Bogolubov (Capablanca)} 1. Nf3 d5 2. c4 c6 3. b3 Nf6 4. Bb2 Bg4 5. g3
Bxf3 {Giving up the bishop on the same color as the fianchetto is seldom a
good idea, unless you are trading the bishops. The doubled pawns is not enough
compensation. This move will come back to haunt black.} 6. exf3 e6 7. Bg2 dxc4
8. bxc4 g6 9. O-O Bg7 10. d4 O-O 11. Nd2 Nbd7 12. f4 Nb6 13. Rc1 Qe7 14. Nf3
Rfd8 15. Qc2 Rac8 16. c5 Nbd5 17. Ne5 Nd7 18. a3 Nxe5 19. fxe5 Nc7 20. a4 Nd5
21. Qb3 Qc7 22. Ba1 Ne7 23. g4 g5 $2 {Helping white's attack along by creating
a target and leaving a huge hole in front of the king.} 24. f4 gxf4 25. Rxf4
Bh6 26. Rcf1 Bxf4 27. Rxf4 Nd5 28. Rf3 Rb8 29. Qd3 Ne7 30. h4 Ng6 31. Qe3 Nxh4
32. Qg5+ Ng6 33. Rh3 Qe7 ({If} 33... Qa5 {gives white something to worry about.
Instead, he can focus his plan to the attack.}) 34. Qh6 f6 35. exf6 Qf7 36. Be4
Rd7 37. Qg5 Rf8 38. d5 exd5 39. Bf5 Rdd8 $2 ({Black does not have time to
worry about the exchange. White would only be giving up one of his attacking
pieces.} 39... d4 {cuts off the black-squared bishop from the attack.}) 40. Rh6
Qc7 41. Rxg6+ hxg6 42. Qxg6+ Kh8 43. f7+ d4 44. Qh7# 1-0

[Event "Michigan Amateur"]
[Site "Kalamazoo, MI"]
[Date "2000.07.29"]
[Round "1.16"]
[White "Thomas, Courtney"]
[Black "Herndon, Robert"]
[Result "0-1"]
[WhiteElo "1046"]
[BlackElo "1791"]
[PlyCount "116"]
[EventDate "2000.07.29"]

1. d4 Nf6 2. Bg5 Ne4 3. Bf4 d5 4. Nd2 Nf6 5. e3 Bf5 6. Ngf3 Bg4 7. Be2 e6 8. h3
Bh5 9. Ne5 Bxe2 10. Qxe2 Bd6 11. Qb5+ Nbd7 12. Nxf7 Kxf7 13. Bxd6 cxd6 14. O-O
Qb6 15. a4 Qxb5 16. axb5 a6 17. bxa6 Rxa6 18. Rxa6 bxa6 19. Ra1 Ra8 20. Ra5 Ne4
21. Nxe4 dxe4 22. b4 Nb6 23. b5 axb5 24. Rxb5 Nc4 25. Rb7+ Kf6 26. h4 h5 27.
Rb1 d5 28. Rc1 Ra2 29. Kh2 Na3 30. Kg3 Rxc2 31. Ra1 Nc4 32. Ra8 Rb2 33. Rf8+
Kg6 34. Rf4 Nd6 35. Kh3 Nf7 36. g3 Nh6 37. Kg2 Ng4 38. Kf1 Rxf2+ 39. Rxf2 Nxf2
40. Kxf2 Kf5 41. Kg1 Kg4 42. Kg2 g6 43. Kf2 Kh3 44. g4 hxg4 45. Kg1 Kxh4 46.
Kh2 g3+ 47. Kh1 g2+ 48. Kh2 g1=Q+ 49. Kxg1 Kg3 50. Kf1 Kf3 51. Ke1 Kxe3 52. Kf1
Kd2 53. Kf2 e3+ 54. Kf1 e2+ 55. Kg1 e1=Q+ 56. Kg2 Qe2+ 57. Kg1 Ke3 58. Kh1 Kf3
0-1

[Event "Michigan Amateur"]
[Site "Kalamazoo, MI"]
[Date "2000.07.29"]
[Round "2.15"]
[White "Templeton, Kem"]
[Black "Moore, Martin"]
[Result "1-0"]
[WhiteElo "1794"]
[BlackElo "1436"]
[PlyCount "99"]
[EventDate "2000.07.29"]

1. b3 e5 2. Bb2 Nc6 3. e3 g6 4. Nf3 Bg7 5. Bb5 Nge7 6. d4 exd4 7. Nxd4 Nxd4 8.
Bxd4 Bxd4 9. Qxd4 O-O 10. O-O a6 11. Be2 Nc6 12. Qd2 d6 13. c4 Qg5 14. Qd5 Qe7
15. Nc3 Be6 16. Qd2 Rad8 17. Nd5 Bxd5 18. cxd5 Ne5 19. Rac1 Rc8 20. Rc2 Nd7 21.
Rfc1 Nb6 22. Bf3 f5 23. e4 fxe4 24. Bg4 h5 25. Be6+ Kh7 26. Qd4 Kh6 27. Qxe4
Na8 28. Qe3+ g5 29. Bxc8 Qxe3 30. fxe3 Rxc8 31. Rf1 Kg6 32. Rcf2 h4 33. Rf6+
Kh5 34. g4+ Kxg4 35. Kg2 Kh5 36. h3 Nb6 37. e4 Re8 38. Re6 Rg8 39. Rff6 Rh8 40.
Re7 c6 41. Rxb7 cxd5 42. Rxb6 dxe4 43. Rbxd6 e3 44. Rde6 e2 45. Rxe2 Rh6 46.
Rxh6+ Kxh6 47. Re6+ Kh5 48. Rxa6 g4 49. Ra5+ Kg6 50. hxg4 1-0

[Event "Michigan Amateur"]
[Site "Kalamazoo, MI"]
[Date "2000.07.29"]
[Round "3.4"]
[White "Templeton, Kem"]
[Black "Jendras, Gerard"]
[Result "1-0"]
[WhiteElo "1794"]
[BlackElo "1848"]
[Annotator "Jeff Aldrich"]
[PlyCount "81"]
[EventDate "2000.07.29"]

{Nimzovich: Modern} 1. b3 e5 2. Bb2 Nc6 3. e3 d5 4. Bb5 Bd6 5. Nf3 f6 6. d4 e4
7. Nfd2 a6 8. Bxc6+ bxc6 9. c4 Be6 10. Nc3 Nh6 11. cxd5 cxd5 12. f3 f5 13. Qe2
Qh4+ 14. Qf2 Qh5 15. O-O-O {Castling queen-side with a half-open c-file is
often a dangerous proposition.} O-O 16. h3 Qg6 17. f4 c5 18. Ba3 Rfc8 19. Bxc5
Bxc5 20. dxc5 Rxc5 21. Kb2 Rac8 22. Rc1 Qf6 23. Ndb1 Nf7 24. Qd2 Nd6 25. Qd4
Qe7 ({Trading queens with} 25... Qxd4 {gives black a passed e-pawn. This is
black's best chance at winning. After 25... Qe7, the white king becomes safer
as the rooks come off the board.}) 26. Na3 Qb7 27. Na4 Rxc1 28. Rxc1 Rxc1 29.
Kxc1 Qc6+ 30. Qc5 Bd7 31. Nc2 Nb7 32. Qd4 Kf7 33. Kd2 a5 34. Nc3 Be6 35. Qa7
Kg6 $2 ({If} 35... Bc8 {black saves the piece, but white now has the advantage.
}) 36. Nd4 {Now, the queen is overworked. It cannot protect both the knight
and the bishop.} Qd7 37. Nxe6 Qxe6 38. Qxb7 d4 39. exd4 Kh5 40. Qd5 Qg6 41. g4+
1-0

[Event "Michigan Amateur"]
[Site "Kalamazoo, MI"]
[Date "2000.07.29"]
[Round "1.15"]
[White "Smith, Les L"]
[Black "Crist, Kevin"]
[Result "1-0"]
[WhiteElo "1800"]
[BlackElo "1073"]
[PlyCount "117"]
[EventDate "2000.07.29"]

1. f4 d6 2. Nf3 Nc6 3. d4 e6 4. e3 Nf6 5. c3 Be7 6. Bd3 O-O 7. e4 e5 8. fxe5
dxe5 9. d5 Nb8 10. b4 a6 11. a3 Bg4 12. O-O c6 13. c4 cxd5 14. cxd5 Nbd7 15.
Nbd2 Qb6+ 16. Kh1 Rac8 17. Nc4 Qa7 18. Be3 Qb8 19. Qe1 b5 20. Na5 Bd8 21. Nc6
Rxc6 22. dxc6 Nb6 23. Rc1 Qd6 24. Bb1 Nc4 25. Bc5 Qxc6 26. Bxf8 Kxf8 27. Nxe5
Qe6 28. Nxc4 bxc4 29. Ba2 Bc7 30. Bxc4 Qe5 31. g3 Bh3 32. Rf2 Bb6 33. Bd3 Ng4
34. Rf3 Qd4 35. Bxa6 Qb2 36. Be2 Be3 37. Qd1 f6 38. Rc8+ Kf7 39. Qd8 Kg6 40.
Qd1 Nf2+ 41. Rxf2 Bxf2 42. Rc2 Qe5 43. Bh5+ Kh6 44. Rxf2 Qxe4+ 45. Bf3 Qe5 46.
Bg2 Bf5 47. Qf3 Bd7 48. Qf4+ Qxf4 49. Rxf4 Kg5 50. h4+ Kh5 51. Bf1 Bc6+ 52. Kh2
Kg6 53. b5 Bb7 54. b6 Kf7 55. Bg2 Ba6 56. b7 Bxb7 57. Bxb7 Ke6 58. Rd4 g5 59.
a4 1-0

[Event "Michigan Amateur"]
[Site "Kalamazoo, MI"]
[Date "2000.07.29"]
[Round "3.2"]
[White "Smith, Les L"]
[Black "Brumley, Ron"]
[Result "1-0"]
[WhiteElo "1800"]
[BlackElo "1873"]
[PlyCount "107"]
[EventDate "2000.07.29"]

1. f4 g6 2. Nf3 Bg7 3. e3 c5 4. d4 d6 5. Bd3 Nc6 6. c3 Bf5 7. e4 Bg4 8. d5 Nb8
9. O-O Nf6 10. Nbd2 O-O 11. Rb1 Qc7 12. h3 Bxf3 13. Qxf3 Nfd7 14. g4 e6 15.
dxe6 fxe6 16. Bc4 Re8 17. Rf2 Nc6 18. h4 Na5 19. Bd3 Rf8 20. Qh3 c4 21. Bc2 d5
22. e5 Qb6 23. Nf1 Bxe5 24. Be3 d4 25. cxd4 Bxd4 26. Bxd4 Qxd4 27. Rd1 Qg7 28.
g5 Rfe8 29. h5 Nf8 30. h6 Qc7 31. Ne3 Rad8 32. Re1 Rd4 33. Ng4 Red8 34. Qc3 Nc6
35. Ba4 R8d7 36. Nf6+ Kf7 37. Nxd7 Qxd7 38. Bxc6 bxc6 39. Qe3 Qd6 40. Qe5 Ke8
41. Qxd6 Rxd6 42. Re4 Rd1+ 43. Kg2 Rc1 44. Rd2 c5 45. Re5 c3 46. bxc3 Rxc3 47.
Rb2 Rd3 48. Rxc5 Rd8 49. Rc7 a5 50. Ra7 Nd7 51. Rxa5 Ke7 52. Ra7 e5 53. Rbb7
Ke8 54. Kf3 1-0